Cintāmaṇic celvam / (Record no. 79082)

MARC details
000 -LEADER
fixed length control field 00666cam a2200217 i 4500
001 - CONTROL NUMBER
control field sa 68002911
003 - CONTROL NUMBER IDENTIFIER
control field DLC
005 - DATE AND TIME OF LATEST TRANSACTION
control field 20260227112447.0
008 - FIXED-LENGTH DATA ELEMENTS--GENERAL INFORMATION
fixed length control field 040714s1964 ii 000 0 tamr
010 ## - LIBRARY OF CONGRESS CONTROL NUMBER
LC control number sa 68002911
040 ## - CATALOGING SOURCE
Original cataloging agency DLC
Transcribing agency DLC
050 00 - LIBRARY OF CONGRESS CALL NUMBER
Classification number PL4758.9.T49
Item number C534 1964
100 1# - MAIN ENTRY--PERSONAL NAME
Personal name Ñān̲amūrtti, Tā. Ē.,
Dates associated with a name 1911-
245 10 - TITLE STATEMENT
Title Cintāmaṇic celvam /
Statement of responsibility, etc. Tā. Ē. Ñān̲amūrtti.
250 ## - EDITION STATEMENT
Edition statement 3. patippu.
260 ## - PUBLICATION, DISTRIBUTION, ETC.
Place of publication, distribution, etc. Kōyamuttūr :
Name of publisher, distributor, etc. Vir̲pan̲ai urimai, Merkkuri Puttakak Kampen̲i,
Date of publication, distribution, etc. 1964.
300 ## - PHYSICAL DESCRIPTION
Extent v, 142 p. ;
Dimensions 18 cm.
490 0# - SERIES STATEMENT
Series statement Mallika veḷiyīṭu ; 11
546 ## - LANGUAGE NOTE
Language note In Tamil.
600 00 - SUBJECT ADDED ENTRY--PERSONAL NAME
Personal name Tiruttakkatēvar.
Title of a work Cīvakacintāmaṇi.

No items available.

Powered by Koha